Top Ten Maple Syrup Producers - Statistics

General Stats
  • This quiz has been taken 80 times
  • The average score is 8 of 10
Answer Stats
Gallons Answer % Correct
312,000 New York
91%
7,989,000 Quebec
90%
400,000 Ontario
89%
310,000 Maine
87%
890,000 Vermont
86%
82,000 Michigan
76%
54,000 Pennsylvania
66%
65,000 Ohio
63%
29,000 Massachusetts
60%
300,000 New Brunswick
51%
No matching quizzes found
Score Distribution
Percent of People with Each Score
Percentile by Number Answered
Your Score History
You have not taken this quiz